[Event "ARG-ch sf 98th"]
[Site "Buenos Aires"]
[Date "2023.05.06"]
[Round "8"]
[White "De la Vega, Pablo Augusto"]
[Black "Adorno, Anibal"]
[Result "1/2-1/2"]
[WhiteElo "1461"]
[BlackElo "1678"]
[PlyCount "64"]
[EventDate "2023.04.29"]
[EventType "swiss"]
[EventRounds "9"]
[EventCountry "ARG"]
[SourceTitle "CBM 214 Extra"]
[Source "ChessBase"]
[SourceDate "2023.07.31"]
[SourceVersion "1"]
[SourceVersionDate "2023.07.31"]
[SourceQuality "1"]

1. e4 e5 2. Nf3 d6 3. d4 exd4 4. Nxd4 Nf6 5. Nc3 Be7 6. h3 0-0 7. Bd3 Re8 8. 0-0 c5 9. Nf3 Nc6 10. Bg5 h6 11. Bf4 Bf8 12. Re1 Ne5 13. Bf1 Nxf3+ 14. Qxf3 Be6 15. Rad1 Qb6 16. b3 Be7 17. Na4 Qc6 18. c4 Rad8 19. Nc3 a6 20. Rd2 Rd7 21. Nd5 Bxd5 22. exd5 Qc7 23. Rde2 Qd8 24. g3 Bf8 25. Rxe8 Nxe8 26. Re3 Re7 27. Bd3 Rxe3 28. Bxe3 Nf6 29. Bd2 g6 30. Bc3 Bg7 31. Bxf6 Qxf6 32. Qxf6 Bxf6 1/2-1/2

[Event "ARG-ch sf 98th"]
[Site "Buenos Aires"]
[Date "2023.05.04"]
[Round "6"]
[White "Fuentes, Agustin"]
[Black "Adorno, Anibal"]
[Result "1-0"]
[WhiteElo "1898"]
[BlackElo "1678"]
[PlyCount "81"]
[EventDate "2023.04.29"]
[EventType "swiss"]
[EventRounds "9"]
[EventCountry "ARG"]
[SourceTitle "CBM 214 Extra"]
[Source "ChessBase"]
[SourceDate "2023.07.31"]
[SourceVersion "1"]
[SourceVersionDate "2023.07.31"]
[SourceQuality "1"]

1. e4 e5 2. Nf3 d6 3. d4 exd4 4. Nxd4 Nf6 5. Nc3 Be7 6. g3 0-0 7. Bg2 Re8 8. 0-0 c5 9. Nde2 Nc6 10. Re1 Bf8 11. Bg5 h6 12. Bxf6 Qxf6 13. Nd5 Qd8 14. a4 Bg4 15. h3 Be6 16. c3 Qd7 17. Kh2 Bxd5 18. Qxd5 Rad8 19. Nf4 Ne5 20. Qd2 Nc4 21. Qe2 Nb6 22. Qc2 Na8 23. Nd5 Nc7 24. Ne3 Re6 25. Rad1 Ne8 26. h4 Qc6 27. Bh3 Qxe4 28. Bxe6 Qxe6 29. Nd5 Qc8 30. Qe4 Qd7 31. Re3 Nc7 32. Nxc7 Qxc7 33. Rd5 Rd7 34. Qf4 Re7 35. Rf3 Re5 36. Rxe5 dxe5 37. Qf5 f6 38. Rd3 a6 39. Qe6+ Kh8 40. Qe8 Kg8 41. Rd7 1-0

[Event "Rio Grande op 22nd"]
[Site "Rio Grande"]
[Date "2022.10.19"]
[Round "2"]
[White "Frutos, Leandro Jose"]
[Black "Adorno, Anibal"]
[Result "1-0"]
[WhiteElo "1700"]
[BlackElo "1715"]
[PlyCount "71"]
[EventDate "2022.10.19"]
[EventType "swiss"]
[EventRounds "7"]
[EventCountry "ARG"]
[SourceTitle "EXT 2024"]
[Source "ChessBase"]
[SourceDate "2023.10.10"]
[SourceVersion "1"]
[SourceVersionDate "2023.10.10"]
[SourceQuality "1"]

1. d4 Nf6 2. c4 c5 3. d5 b5 4. cxb5 a6 5. bxa6 g6 6. Nc3 Bg7 7. e4 Qa5 8. Bd2 0-0 9. e5 Ne8 10. Nf3 d6 11. e6 f6 12. Be2 Bxa6 13. 0-0 Bxe2 14. Qxe2 Qa6 15. Qe4 Nc7 16. Rfd1 Qb7 17. Rab1 Nba6 18. a3 Rfb8 19. g4 Qc8 20. h4 Qf8 21. Kg2 Rb3 22. Qc2 Rab8 23. Rh1 h5 24. gxh5 gxh5 25. Kh2 Nxd5 26. Nxd5 Rxf3 27. Be3 f5 28. Qe2 Be5+ 29. Kg2 Rxe3 30. Qxe3 Qg7+ 31. Qg5 Qxg5+ 32. hxg5 Rxb2 33. Rxb2 Bxb2 34. Nxe7+ Kf8 35. Nxf5 Bxa3 36. Ra1 1-0

[Event "Rio Grande op 19th"]
[Site "Rio Grande"]
[Date "2019.07.08"]
[Round "6"]
[White "Adorno, Anibal"]
[Black "Foschiatti, Tomas"]
[Result "0-1"]
[WhiteElo "1795"]
[BlackElo "1398"]
[PlyCount "108"]
[EventDate "2019.07.05"]
[EventType "swiss"]
[EventRounds "7"]
[EventCountry "ARG"]
[SourceTitle "EXT 2020"]
[Source "ChessBase"]
[SourceDate "2019.10.17"]
[SourceVersion "1"]
[SourceVersionDate "2019.10.17"]
[SourceQuality "1"]

1. e4 c5 2. c3 d6 3. d4 cxd4 4. cxd4 Nf6 5. Nc3 g6 6. Nf3 Bg7 7. Bb5+ Bd7 8. Bxd7+ Nbxd7 9. 0-0 0-0 10. Be3 Rc8 11. Qd2 Qa5 12. Rac1 Nb6 13. b3 Nbd7 14. Nd5 Qxd2 15. Nxe7+ Kh8 16. Nxd2 Rce8 17. Nd5 Nxd5 18. exd5 Nb6 19. Bf4 Rd8 20. Nf3 h6 21. Rfe1 Nxd5 22. Bd2 Rfe8 23. Kf1 Rc8 24. Rxe8+ Rxe8 25. Rc4 a6 26. a3 Kh7 27. Ba5 Re7 28. Bd8 Rd7 29. Ba5 g5 30. h3 Kg6 31. g3 Re7 32. Rc1 Re4 33. Re1 Rxe1+ 34. Kxe1 Kf5 35. Ke2 Ke4 36. Bd2 Bxd4 37. h4 f6 38. Ne1 Bc3 39. f3+ Kd4 40. Nc2+ Ke5 41. hxg5 fxg5 42. f4+ gxf4 43. gxf4+ Nxf4+ 44. Bxf4+ Kxf4 45. Ne3 Be5 46. Nf1 h5 47. Kf2 d5 48. Ng3 h4 49. Ne2+ Ke4 50. Nc1 h3 51. a4 h2 52. Kg2 Ke3 53. b4 d4 54. b5 d3 0-1

[Event "Rio Grande op 19th"]
[Site "Rio Grande"]
[Date "2019.07.05"]
[Round "1"]
[White "Henriquez Villagra, Cristobal"]
[Black "Adorno, Anibal"]
[Result "1-0"]
[WhiteElo "2560"]
[BlackElo "1795"]
[PlyCount "41"]
[EventDate "2019.07.05"]
[EventType "swiss"]
[EventRounds "7"]
[EventCountry "ARG"]
[SourceTitle "EXT 2020"]
[Source "ChessBase"]
[SourceDate "2019.10.17"]
[SourceVersion "1"]
[SourceVersionDate "2019.10.17"]
[SourceQuality "1"]

1. e4 Nf6 2. e5 Nd5 3. d4 d6 4. Nf3 Nb6 5. Be2 Bf5 6. 0-0 Nc6 7. c4 dxe5 8. d5 Nb4 9. a3 Nc2 10. Ra2 Nd4 11. Nxd4 Bxb1 12. Ra1 Bg6 13. Nf3 e4 14. Ne5 Nd7 15. Qa4 f6 16. Nxg6 hxg6 17. c5 c6 18. Qxe4 f5 19. Qe6 Nf6 20. Bc4 cxd5 21. Bb5+ 1-0

[Event "ARG-ch U2000"]
[Site "Tacuari"]
[Date "2018.11.16"]
[Round "1"]
[White "Iborra, Diego"]
[Black "Adorno, Anibal"]
[Result "1-0"]
[WhiteElo "1951"]
[BlackElo "1793"]
[PlyCount "137"]
[EventDate "2018.11.16"]
[EventType "swiss"]
[EventRounds "8"]
[EventCountry "ARG"]
[SourceTitle "EXT 2020"]
[Source "ChessBase"]
[SourceDate "2019.10.17"]
[SourceVersion "1"]
[SourceVersionDate "2019.10.17"]
[SourceQuality "1"]

1. f4 e5 2. fxe5 d6 3. Nf3 Nc6 4. e4 Nxe5 5. d4 Nxf3+ 6. Qxf3 Qf6 7. Be3 Bd7 8. Bc4 Be7 9. 0-0 Qxf3 10. Rxf3 Be6 11. Bd3 Nf6 12. h3 0-0-0 13. Nd2 h6 14. Raf1 d5 15. e5 Nd7 16. c3 f6 17. exf6 Nxf6 18. Bg6 Rdf8 19. Bf4 Nd7 20. Re1 Rf6 21. Bd3 Rhf8 22. Bg3 Bd8 23. Rxf6 Rxf6 24. Nf3 Bf5 25. Bxf5 Rxf5 26. Re8 Nf6 27. Rf8 Rh5 28. Ne5 Ne4 29. Bf4 Nd6 30. Ng6 Ne4 31. Kh2 Ng5 32. Be5 Ne6 33. Rf7 Rg5 34. Ne7+ Bxe7 35. Rxe7 Rg6 36. h4 Kd8 37. Rf7 Ke8 38. Rf2 Rg4 39. g3 Re4 40. a3 c6 41. Kg2 Ke7 42. Kh3 Re1 43. Kg4 Re4+ 44. Kh5 c5 45. Bb8 a6 46. dxc5 Nxc5 47. Kg6 Rg4+ 48. Kf5 Rc4 49. Bf4 Nd3 50. Rd2 Nxf4 51. gxf4 g6+ 52. Kxg6 Rxf4 53. h5 Ke6 54. Kxh6 Rg4 55. Kh7 Rg5 56. h6 Kf7 57. Rf2+ Ke6 58. Kh8 Rg6 59. h7 Ke7 60. Rf5 Ke6 61. Rf8 Ke7 62. Rb8 b6 63. Rg8 Rf6 64. Rg5 Rf8+ 65. Kg7 Rf7+ 66. Kh6 Rf6+ 67. Rg6 Rf8 68. Rg8 Rf6+ 69. Kg5 1-0

[Event "Rio Gallegos op"]
[Site "Rio Gallegos"]
[Date "2018.09.08"]
[Round "2.5"]
[White "Turner, Mauro"]
[Black "Adorno, Anibal"]
[Result "1-0"]
[WhiteElo "1835"]
[BlackElo "1793"]
[PlyCount "67"]
[EventDate "2018.09.07"]
[EventType "swiss"]
[EventRounds "6"]
[EventCountry "ARG"]
[SourceTitle "EXT 2024"]
[Source "ChessBase"]
[SourceDate "2023.10.10"]
[SourceVersion "1"]
[SourceVersionDate "2023.10.10"]
[SourceQuality "1"]

1. e4 d6 2. d4 Nf6 3. Nc3 e5 4. Nf3 Nbd7 5. Bc4 Be7 6. 0-0 h6 7. Re1 c6 8. a4 a5 9. b3 Qc7 10. Bb2 0-0 11. h3 Re8 12. Nh4 Nf8 13. dxe5 dxe5 14. Qf3 Be6 15. Bf1 Rad8 16. Nf5 Ng6 17. Ne2 Nh7 18. Qg3 Qb6 19. Red1 Bf8 20. Nc3 Nf6 21. Be2 Kh7 22. Bf3 Bxf5 23. exf5 Ne7 24. Ne4 Nxe4 25. Bxe4 f6 26. c4 Rxd1+ 27. Rxd1 Rd8 28. Qf3 Ng8 29. g4 Be7 30. Bd3 Bc5 31. h4 Be7 32. g5 fxg5 33. f6+ g6 34. fxe7 1-0

[Event "Rio Grande op 18th"]
[Site "Rio Grande"]
[Date "2018.07.09"]
[Round "7"]
[White "Adorno, Anibal"]
[Black "Rodriguez, Sebastian"]
[Result "0-1"]
[WhiteElo "1795"]
[BlackElo "1993"]
[PlyCount "89"]
[EventDate "2018.07.05"]
[EventType "swiss"]
[EventRounds "7"]
[EventCountry "ARG"]
[SourceTitle "EXT 2019"]
[Source "ChessBase"]
[SourceDate "2018.10.10"]
[SourceVersion "1"]
[SourceVersionDate "2018.10.10"]
[SourceQuality "1"]

1. e4 c5 2. c3 Nf6 3. e5 Nd5 4. d4 cxd4 5. Qxd4 e6 6. Nf3 Nc6 7. Qe4 d6 8. Bb5 Bd7 9. c4 Nde7 10. exd6 Nf5 11. Qe2 Bxd6 12. 0-0 0-0 13. Rd1 Qc7 14. Nc3 Rad8 15. Bd2 Ncd4 16. Nxd4 Nxd4 17. Qh5 Bxb5 18. Nxb5 Nxb5 19. cxb5 Qc2 20. Bc3 Bc5 21. Rxd8 Qxf2+ 22. Kh1 Rxd8 23. Qg5 f6 24. Bxf6 Qxf6 25. Qxc5 b6 26. Qc7 Rf8 27. h3 Qxb2 28. Rd1 Qxb5 29. Rd8 Qf1+ 30. Kh2 Rxd8 31. Qxd8+ Qf8 32. Qd7 Qb8+ 33. Kg1 e5 34. Qe6+ Kh8 35. h4 b5 36. h5 Qb6+ 37. Qxb6 axb6 38. Kf2 Kg8 39. Ke3 Kf7 40. Ke4 Ke6 41. a3 g6 42. hxg6 hxg6 43. g3 g5 44. g4 b4 45. axb4 0-1

[Event "ARG-ch Amateur U2000"]
[Site "Torre Blanca"]
[Date "2016.12.09"]
[Round "3.7"]
[White "Adorno, Anibal"]
[Black "Ramos, Gabriel"]
[Result "0-1"]
[WhiteElo "1853"]
[BlackElo "1953"]
[PlyCount "154"]
[EventDate "2016.12.08"]
[EventType "swiss"]
[EventRounds "9"]
[EventCountry "ARG"]
[SourceTitle "EXT 2024"]
[Source "ChessBase"]
[SourceDate "2023.10.10"]
[SourceVersion "1"]
[SourceVersionDate "2023.10.10"]
[SourceQuality "1"]

1. e4 c5 2. Nf3 d6 3. c3 Nf6 4. Be2 Nbd7 5. d3 g6 6. 0-0 Bg7 7. Re1 0-0 8. Bf1 b6 9. d4 cxd4 10. cxd4 Bb7 11. Nc3 a6 12. Bg5 h6 13. Bf4 Nh5 14. Bd2 b5 15. Bd3 e5 16. d5 Rc8 17. Rc1 Nb6 18. b3 Nf4 19. Bb1 g5 20. Be3 Nd7 21. Ne2 Qf6 22. Ng3 g4 23. Nd2 Rxc1 24. Qxc1 Rc8 25. Qa3 Nc5 26. Rc1 Bf8 27. b4 Nd7 28. Rxc8 Bxc8 29. Qc1 Qd8 30. Ndf1 Bb7 31. Bxf4 exf4 32. Qxf4 Ne5 33. Nf5 Qf6 34. Qc1 Nc4 35. Bd3 Ne5 36. Be2 Bxd5 37. Nxh6+ Bxh6 38. Qc8+ Kg7 39. exd5 Qf4 40. Ne3 Qe4 41. Nf5+ Kg6 42. Ng3 Qb1+ 43. Bf1 Bg7 44. a3 Qd1 45. Ne2 Kh7 46. h3 Qxd5 47. Qf5+ Kg8 48. hxg4 Qc6 49. Nf4 Qc1 50. Nh5 Qxa3 51. Nf6+ Bxf6 52. Qxf6 Qxb4 53. g5 Qg4 54. Qd8+ Kh7 55. Qf6 Qe6 56. Qh6+ Qxh6 57. gxh6 Kxh6 58. f4 Nc6 59. Kf2 Kg6 60. Bd3+ Kf6 61. Ke3 Ke6 62. g4 f6 63. Be4 d5 64. Bd3 Kd6 65. g5 fxg5 66. fxg5 Ke5 67. g6 Kf6 68. Bc2 a5 69. Bd3 b4 70. Bb5 Ne7 71. Be8 Nxg6 72. Kd4 Nf4 73. Ba4 Ne2+ 74. Kc5 Ke5 75. Kb6 Kd4 76. Kxa5 Kc3 77. Bd1 Nc1 0-1

[Event "ARG-ch Amateur U2000"]
[Site "Torre Blanca"]
[Date "2016.12.08"]
[Round "1.3"]
[White "Rodriguez, Roberto"]
[Black "Adorno, Anibal"]
[Result "1/2-1/2"]
[WhiteElo "1979"]
[BlackElo "1853"]
[PlyCount "136"]
[EventDate "2016.12.08"]
[EventType "swiss"]
[EventRounds "9"]
[EventCountry "ARG"]
[SourceTitle "EXT 2024"]
[Source "ChessBase"]
[SourceDate "2023.10.10"]
[SourceVersion "1"]
[SourceVersionDate "2023.10.10"]
[SourceQuality "1"]

1. d4 Nf6 2. Nf3 c5 3. d5 g6 4. Nc3 Bg7 5. e4 d6 6. h3 Nbd7 7. Bd3 0-0 8. 0-0 a6 9. a4 b6 10. Bf4 Ne8 11. Qd2 Bb7 12. Rfe1 Nc7 13. Rad1 Re8 14. Bc4 Rc8 15. Qe2 h6 16. Qe3 Kh7 17. e5 dxe5 18. Nxe5 Nxe5 19. Bxe5 Bxe5 20. Qxe5 Qd7 21. Qe2 Rcd8 22. Qf3 Rf8 23. Qe3 Rfe8 24. Qf4 Rf8 25. Qh4 Rde8 26. Ne4 Kg7 27. d6 Bxe4 28. dxc7 Qxc7 29. Qxe4 e6 30. Qe5+ Qxe5 31. Rxe5 Rd8 32. Rxd8 Rxd8 33. Bxa6 Rd1+ 34. Kh2 Rd2 35. Re2 Rd4 36. b3 Kf6 37. Bd3 Ke7 38. Re4 Rd6 39. Rc4 Kd7 40. b4 cxb4 41. Rxb4 e5 42. f4 exf4 43. Rxf4 f5 44. Rh4 h5 45. Bb5+ Ke7 46. Rc4 g5 47. Rc6 Rd2 48. Bd3 f4 49. Be4 g4 50. hxg4 hxg4 51. Rxb6 f3 52. Kg1 Rxg2+ 53. Kf1 g3 54. Rh6 Rd2 55. Bxf3 Rf2+ 56. Kg1 Rxf3 57. Rc6 Ra3 58. Ra6 Rc3 59. Kg2 Kd7 60. a5 Kc7 61. Ra7+ Kb8 62. Rg7 Rxc2+ 63. Kxg3 Ra2 64. Rg5 Ra4 65. Kf3 Ka7 66. Ke3 Ka6 67. Kd3 Rxa5 68. Rxa5+ Kxa5 1/2-1/2

[Event "La Plata Maderna Memorial"]
[Site "La Plata"]
[Date "2016.06.23"]
[Round "4.6"]
[White "Adorno, Anibal"]
[Black "Di Criscio, Gaston"]
[Result "1/2-1/2"]
[WhiteElo "1842"]
[BlackElo "1743"]
[PlyCount "67"]
[EventDate "2016.06.14"]
[EventType "swiss"]
[EventRounds "7"]
[EventCountry "ARG"]
[SourceTitle "EXT 2024"]
[Source "ChessBase"]
[SourceDate "2023.10.10"]
[SourceVersion "1"]
[SourceVersionDate "2023.10.10"]
[SourceQuality "1"]

1. e4 c5 2. c3 e6 3. Nf3 d5 4. exd5 exd5 5. Bb5+ Nc6 6. d4 a6 7. Bxc6+ bxc6 8. 0-0 Bd6 9. h3 Ne7 10. Nbd2 0-0 11. Re1 Ng6 12. Nf1 Qc7 13. Be3 cxd4 14. cxd4 Rb8 15. Qc2 Bd7 16. a3 Nf4 17. Bxf4 Bxf4 18. Ne5 Rfe8 19. Nxd7 Qxd7 20. Nd2 Bxd2 21. Qxd2 Re4 22. f3 Rxe1+ 23. Rxe1 Re8 24. b4 Rxe1+ 25. Qxe1 f6 26. Qe2 Qc8 27. Qe7 h6 28. Kf2 Kh7 29. g4 Qb8 30. Qe6 Qh2+ 31. Ke1 Qxh3 32. Qf5+ Kh8 33. Qc8+ Kh7 34. Qf5+ 1/2-1/2

[Event "La Plata Maderna Memorial"]
[Site "La Plata"]
[Date "2016.06.14"]
[Round "1.7"]
[White "Adorno, Anibal"]
[Black "Cayata, Tomas Agustin"]
[Result "1/2-1/2"]
[WhiteElo "1842"]
[BlackElo "1647"]
[PlyCount "71"]
[EventDate "2016.06.14"]
[EventType "swiss"]
[EventRounds "7"]
[EventCountry "ARG"]
[SourceTitle "EXT 2024"]
[Source "ChessBase"]
[SourceDate "2023.10.10"]
[SourceVersion "1"]
[SourceVersionDate "2023.10.10"]
[SourceQuality "1"]

1. e4 d6 2. d4 g6 3. Nc3 Bg7 4. Nge2 Nf6 5. g3 0-0 6. Bg2 e5 7. 0-0 Nc6 8. dxe5 dxe5 9. Be3 Be6 10. Qxd8 Rfxd8 11. Rfd1 Nb4 12. Rdc1 Ng4 13. Bc5 Na6 14. Ba3 Rd2 15. h3 Nf6 16. Bf1 Bf8 17. Bxf8 Kxf8 18. Re1 Rad8 19. Rad1 Rxd1 20. Rxd1 Rxd1 21. Nxd1 Nc5 22. f4 c6 23. fxe5 Nfd7 24. Nd4 Nxe5 25. b4 Ncd7 26. Nxe6+ fxe6 27. Kf2 Ke7 28. Ke3 Nc4+ 29. Kd4 Na3 30. Kd3 Ne5+ 31. Kd2 Nec4+ 32. Kd3 Nb2+ 33. Kd2 Nbc4+ 34. Kd3 Nb2+ 35. Kd2 Nbc4+ 36. Kd3 1/2-1/2